000 00682cam a22002533a 4500
001 32550
003 PGUSA
005 20140828083714.0
008 100527s2010||||xxu|||||s|||||000 1 eng d
040 _aPGUSA
_beng
042 _adc
050 4 _aPS
100 1 _aCathal, Michael
245 1 0 _aRich Living
_h[electronic resource] /
_cMichael Cathal
260 _bProject Gutenberg,
_c2010
506 _aPublic domain in the USA.
516 _aElectronic text
653 _aRejuvenation -- Fiction
653 _aScience fiction
700 1 _aHunter, Mel,
_d1927-2004
830 0 _aProject Gutenberg
_v32550
856 4 0 _uhttp://www.gutenberg.org/ebooks/32550
942 _cEB
999 _c261805
_d261805